000 00649cab a2200229 4500
001 ABS50968
008 090401t1994 xxu||||| |||| 00| 0 eng d
035 _a(Sirsi) u3376
041 _aeng
100 _aMarks, A.
245 _aOver-rented investments
260 _c1994
350 _a0
490 _aValuer (ISVA)
_v63(6) July 1994, 6(1)
520 _aDiscusses the valuation of over-rented investments, looking at how the market deals with the problem. With examples.
650 _aINVESTMENT MARKET
650 _aOVER-RENTED PROPERTY
690 _aRATING AND VALUATION
700 _aTeacher, C.
942 _n0
948 _c04/03/1997
999 _c2072
_d2072